LEADER 01153nam a2200301 u 4500 001 000000014771 003 CaOOAMICUS 005 20070226105813.0 008 940517s1983 it u000 u ita u 020 $a8842022471 035 $a10347179 040 $aPUL(R)$bita 100 1 $aFiloramo, Giovanni,$d1945-$0(OLS)http://pul/name/6760 245 12$aL'attesa della fine :$bstoria della gnosi /$cGiovanni Filoramo. 260 $aBari :$bLaterza,$c1983. 300 $axxiii, 322 p. ;$c22 cm 490 1 $aCollezione storica 500 $aComprende indici. 504 $aBibliografia: p. 291-304. 650 4$aGnosticismo.$0(OLS)http://pul/subject/5833 830 0$aCollezione storica (Editori Laterza).$0(OLS)http://pul/title/118 850 $aPUL 852 $aPUL$W1$xSL Religione 1$y3$m74 D 21$j20700$nBK-PRI$b $qStampati$B20700$CPULBib$Z2$F20700 $H $81 941 1 $a8 961 $aINV: 53600 996 $6020$a8842022471$9(OLS)http://pul/number/18773 996 $6245$aL'attesa della fine :$bstoria della gnosi$9(OLS)http://pul/title/21199 996 $6260$aBari :$bLaterza$9(OLS)http://pul/publisher/47895 LEADER 01409nam a2200337 a 4500 001 000000134900 003 CaOOAMICUS 005 20130715091740.0 008 130715s2010 it u000 u ita r 020 $a978-88-339-2137-2 040 $aPUL$bita 041 1 $aita$hger 082 04$a306.6 100 1 $aTugendhat, Ernst.$0(OLS)http://pul/name/43302 240 10$aEgozentrizität und Mystik.$lItaliano.$0(OLS)http://pul/title/170616 245 10$aEgocentricitą e mistica :$bstudio antropologico /$cErnst Tugendhat. 260 $aTorino :$bBollati Boringhieri,$c©2010. 300 $a157 p. ;$c22 cm 490 1 $aNuova cultura ;$v234 504 $aInclude riferimenti bibliografici. 650 4$aMistica$xStudi.$0(OLS)http://pul/subject/39748 650 4$aAntropologia religiosa.$0(OLS)http://pul/subject/1805 830 0$aNuova cultura ;$v234.$0(OLS)http://pul/title/20000 850 $aPUL 852 $aPUL$W1$xSL Diritto e Scienze Sociali 3$y79$m306. 6 TUGER 1$j155258$b $qDDC 21$B154796$CPULBib$Z2$F154796 $H122722 $81 941 1 $a9 996 $6020$a978-88-339-2137-2$9(OLS)http://pul/number/153266 996 $6082$a306.6$9(OLS)http://pul/classification/552 996 $6245$aEgocentricitą e mistica :$bstudio antropologico$9(OLS)http://pul/title/170617 996 $6260$aTorino :$bBollati Boringhieri$9(OLS)http://pul/publisher/47883 LEADER 00864nam a2200229 a 4500 001 000000151343 003 CaOOAMICUS 005 20160418160424.0 008 160418s1917 it 000 u ita r 032 $aLibriCat 040 $aPUL$bita 100 1 $aAcri, Francesco,$d1834-1913.$0(OLS)http://pul/name/24828 245 10$aDialettica serena /$cFrancesco Acri. 260 $aRocca S. Casciano :$bL. Cappelli,$c1917. 300 $aVII, 237p. ;$c20 cm. 650 4$aDialettica.$0(OLS)http://pul/subject/5070 850 $aPUL 852 $aPUL$W1$xDP1 Cons. Gen., Altre Classi 1$y22$m921 D 27$j173795$qStampati$B176233$CPULBib$Z2$F176233 $H11683 $81 941 1 $a8 996 $6245$aDialettica serena$9(OLS)http://pul/title/190578 996 $6260$aRocca S. Casciano :$bL. Cappelli$9(OLS)http://pul/publisher/77426